Regulatory decision-making guidance (Record no. 121649)

MARC details
000 -LEADER
fixed length control field 01204nam a22002297a 4500
008 - FIXED-LENGTH DATA ELEMENTS--GENERAL INFORMATION
fixed length control field 230825s2022 xxk|||||o|||| 00| 0 eng d
041 ## - LANGUAGE CODE
Language code of text/sound track or separate title eng
110 ## - MAIN ENTRY--CORPORATE NAME
Corporate author Royal Institution of Chartered Surveyors
245 ## - TITLE STATEMENT
Title Regulatory decision-making guidance
Subtitle How Does RICS decide when to investigate?
250 ## - EDITION
Edition statement version 4
260 ## - PUBLICATION INFORMATION
Place of publication London,
Publisher Royal Institution of Chartered Surveyors,
Date 2022
300 ## - PHYSICAL DESCRIPTION
Physical description 6p.
500 ## - GENERAL NOTE
General note Version 4 with effect from 2 February 2022. Replaced Version 3 with title "How Does RICS decide when to investigate?"
520 ## - ABSTRACT
Abstract RICS refers to its professionals and regulated firms as ‘Regulated Members’. This document aims to help Regulated Members and anyone else who reports concerns to understand which types of concerns or allegations RICS is likely to investigate
650 ## - KEYWORDS
Keywords Regulation
650 ## - KEYWORDS
Keywords Professional Standards
650 ## - KEYWORDS
Keywords Misconduct
651 ## - SUBJECT ADDED ENTRY--GEOGRAPHIC NAME
Geographic name United Kingdom
710 ## - ADDED CORPORATE NAME
Added corporate author Royal Institution of Chartered Surveyors
856 ## - ONLINE RESOURCE
Uniform Resource Identifier <a href="https://www.rics.org/content/dam/ricsglobal/documents/regulation/Regulatory%20decision%20making%20guidance%20-%20version%204%20_with%20effect%202%20February%202022_.pdf">https://www.rics.org/content/dam/ricsglobal/documents/regulation/Regulatory%20decision%20making%20guidance%20-%20version%204%20_with%20effect%202%20February%202022_.pdf</a>
Public note Available on RICS.org
942 ## - ADDED ENTRY ELEMENTS (KOHA)
Suppress in OPAC Do not suppress in OPAC
Holdings
Lost status Damaged status Not for loan Current library Shelving location Date acquired Total Checkouts Full call number Date last seen Price effective from Koha item type
      Virtual Online 25/08/2023   ONLINE PUBLICATION 25/08/2023 25/08/2023 Online material